01018nam a2200301 a 450000100060000000300080000600500170001400800410003102000150007203500190008703500200010604000270012604100080015308200260016111000310018724501300021826000480034830000250039650400510042165000210047265000320049365000250052565000430055065000320059365000280062565000280065365000350068114639BD-RjUL20211208235650.0060214s1998 sz b i001 0 eng d a9241545135 a(BD-RjUL)14692 a(OCoLC)40441360 aOUNcOUNdBD-RjULbeng aeng00a615.321223bWOB 19982 aWorld Health Organization.00aBasic tests for drugs :bpharmaceutical substances, medicinal plant materials, and dosage forms /cWorld Health Organization. aGeneva :bWorld Health Organization,c1998. aiii, 91 p. ;c24 cm. aIncludes bibliographical references and index. 0aDrugsxAnalysis. 0aMedicinal plantsxAnalysis. 0aDrugsxDosage forms. 2aPharmaceutical Preparationsxchemistry 2aPlants, Medcinalxchemistry 2aDosage Formsxchemistry 2aIndicators and Reagents 2aChemistry, Analyticvhandbooks